| 000 | 00699nam a2200193 a 4500 | ||
|---|---|---|---|
| 005 | 20250116063831.0 | ||
| 008 | 991125s1971 ve 000 0 spa u | ||
| 035 | _aUPN01000020176 | ||
| 049 | _aCG | ||
| 050 | 4 |
_aLB1028 _bR6.4 |
|
| 100 | 1 | _aRomero García, Oswaldo | |
| 245 | 1 | 3 |
_aLa enseñanza integrada de las ciencias de la conducta en una facultad de medicina / _cOswaldo Romero García. |
| 260 |
_aMérida, Ven. : _bUniversidad de los Andes, Facultad de Medicina, Departamento de Medicina Preventiva y Social, _c1971. |
||
| 300 | _a96 p. | ||
| 650 | 4 |
_aEducación _xInvestigación _94070 |
|
| 650 | 4 |
_aEducación _xMétodos experimentales _95868 |
|
| 650 | 4 |
_aEducación _9682 |
|
| 905 | _aLibro | ||
| 999 |
_c20176 _d20176 |
||